|
|
|
|
| LEADER |
00000naa2a2200000 4500 |
| 001 |
603221 |
| 005 |
20260226145611.0 |
| 035 |
|
|
|a (RuTPU)RU\TPU\conf\370
|
| 035 |
|
|
|a RU\TPU\conf\369
|
| 090 |
|
|
|a 603221
|
| 100 |
|
|
|a 20131221d2013 k y0rusy50 ca
|
| 101 |
0 |
|
|a rus
|
| 102 |
|
|
|a RU
|
| 135 |
|
|
|a drcn ---uucaa
|
| 181 |
|
0 |
|a i
|
| 182 |
|
0 |
|a b
|
| 200 |
1 |
|
|a Новые возможности Windows Embedded для интеллектуальных систем
|f О. В. Балашова
|
| 203 |
|
|
|a Текст
|c электронный
|
| 225 |
1 |
|
|a Интеллектуальные системы и технологии
|
| 300 |
|
|
|a Заглавие с титульного листа.
|
| 320 |
|
|
|a [Библиогр.: с. 163 (5 назв.)]
|
| 330 |
|
|
|a The purpose of this article is to present new possibilities of Windows Embedded for intelligent systems. Windows Embedded extends the power of Windows and the cloud to intelligent systems. It is described the intelligent system conception, its structure and some specific features of Windows Embedded for such system such as data connectionacross a diverse set of technologies and unlock intelligence. Windows Embedded platform have a wide range of implementation. One of the examples of such implementation is HealthVault application based on Windows Embedded Compact 7. In March 2013 was launched a new line of Windows Embedded which improves significantlyprevious versions and allows creating new reliable and save solutions for intelligent systems.
|
| 337 |
|
|
|a Adobe Reader
|
| 463 |
|
1 |
|0 (RuTPU)RU\TPU\conf\40
|t Технологии Microsoft в теории и практике программирования
|o сборник трудов X Всероссийской научно-практической конференции студентов, аспирантов и молодых ученых, г.Томск, 19-20 марта 2013 г.
|f Национальный исследовательский Томский политехнический университет (ТПУ), Институт кибернетики ; ред. кол. А. В. Лиепиньш и др.
|v [С. 161-163]
|d 2013
|
| 610 |
1 |
|
|a электронный ресурс
|
| 610 |
1 |
|
|a труды учёных ТПУ
|
| 610 |
1 |
|
|a Windows Embedded
|
| 610 |
1 |
|
|a интеллектуальные системы
|
| 610 |
1 |
|
|a операционные системы
|
| 610 |
1 |
|
|a облачные технологии
|
| 700 |
|
1 |
|a Балашова
|b О. В.
|g Ольга Викторовна
|
| 801 |
|
2 |
|a RU
|b 63413507
|c 20230518
|g RCR
|
| 856 |
4 |
|
|u http://www.lib.tpu.ru/fulltext/c/2013/C28/063.pdf
|
| 942 |
|
|
|c BK
|